Lí luận và phương pháp giáo dục thể chất Giáo trình đào tạo Giáo viên trung học cơ sở hệ Cao đẳng sư phạm

Zapisane w:
Opis bibliograficzny
1. autor: Vũ Đào Hùng
Kolejni autorzy: Nguyễn Mậu Loan
Format: Książka
Wydane: H. Giáo dục 2000
Wydanie:Tái bản lần thứ 1
Seria:Bộ Giáo dục và đào tạo
Hasła przedmiotowe:
Etykiety: Dodaj etykietę
Nie ma etykietki, Dołącz pierwszą etykiete!
Thư viện lưu trữ: Trung tâm Học liệu Lê Vũ Hùng, Trường Đại học Đồng Tháp
LEADER 01198pam a22002898a 4500
001 00024504
005 20171026081022.0
008 110720s2000 ||||||Viesd
041 0 # |a Vie 
082 1 4 |a 796.07  |b L300L 
100 0 # |a Vũ Đào Hùng 
245 0 0 |a Lí luận và phương pháp giáo dục thể chất  |b Giáo trình đào tạo Giáo viên trung học cơ sở hệ Cao đẳng sư phạm  |c Vũ Đào Hùng, Nguyễn Mậu Loan 
250 # # |a Tái bản lần thứ 1 
260 # # |a H.  |b Giáo dục  |c 2000 
300 # # |a 187 tr.  |c 21 cm. 
490 # # |a Bộ Giáo dục và đào tạo 
500 # # |a ĐTTS ghi: Bộ Giáo dục và đào tạo 
650 # 4 |a Giáo dục thể chất 
653 # # |a Lý luận 
653 # # |a Phương pháp 
700 0 # |a Nguyễn Mậu Loan 
852 # # |b Kho giáo trình  |j KGT.0015717, KGT.0015718, KGT.0015719, KGT.0015720, KGT.0015721 
852 # # |b Kho mượn  |j KGT.0015717 
852 # # |j KGT.0015717  |j KGT.0015718  |j KGT.0015720  |j KGT.0015719  |j KGT.0015721 
910 |d 20/07/2011 
980 # # |a Trung tâm Học liệu Lê Vũ Hùng, Trường Đại học Đồng Tháp